[Event "GER-ch Seniors 50 36th"]
[Site "Bad Wildungen"]
[Date "2024.08.27"]
[Round "5"]
[White "Koschetzki, Christian"]
[Black "Schatz, Christian"]
[Result "1/2-1/2"]
[WhiteElo "1962"]
[BlackElo "2156"]
[PlyCount "76"]
[EventDate "2024.08.25"]
[EventType "swiss"]
[EventRounds "9"]
[EventCountry "GER"]
[SourceTitle "CBM 221 Extra"]
[Source "ChessBase"]
[SourceDate "2024.09.30"]
[SourceVersion "1"]
[SourceVersionDate "2024.09.30"]
[SourceQuality "1"]

1. d4 Nf6 2. Nf3 g6 3. c4 Bg7 4. Nc3 0-0 5. e4 d6 6. Be2 e5 7. dxe5 dxe5 8. Qxd8 Rxd8 9. Bg5 Re8 10. 0-0-0 c6 11. Ne1 Na6 12. Nc2 Nc5 13. f3 Ne6 14. Be3 c5 15. Nd5 Nxd5 16. cxd5 Nd4 17. Rhe1 f5 18. Bxd4 cxd4 19. Kb1 fxe4 20. fxe4 Bf8 21. Rf1 Bd7 22. Ne1 Bd6 23. Rc1 Rf8 24. Rxf8+ Rxf8 25. Nd3 Bb5 26. Rf1 Rxf1+ 27. Bxf1 Kg7 28. Kc2 Kf6 29. g3 Bd7 30. Be2 h5 31. Kd2 Kg5 32. Ke1 h4 33. Kf2 Bg4 34. Bxg4 Kxg4 35. gxh4 Kxh4 36. Kg2 Kg4 37. h3+ Kg5 38. Kg3 Kf6 1/2-1/2

[Event "Rottach Egern Seniors Cup 12th"]
[Site "Rottach Egern"]
[Date "2024.04.07"]
[Round "2"]
[White "Astengo, Corrado"]
[Black "Schatz, Christian"]
[Result "1/2-1/2"]
[WhiteElo "1968"]
[BlackElo "2158"]
[PlyCount "44"]
[EventDate "2024.04.06"]
[EventType "swiss"]
[EventRounds "9"]
[EventCountry "GER"]
[SourceTitle "CBM 219 Extra"]
[Source "ChessBase"]
[SourceDate "2024.05.31"]
[SourceVersion "1"]
[SourceVersionDate "2024.05.31"]
[SourceQuality "1"]

1. e4 Nf6 2. e5 Nd5 3. d4 d6 4. Nf3 Bg4 5. Be2 e6 6. c4 Nb6 7. exd6 cxd6 8. 0-0 Be7 9. Nc3 0-0 10. Be3 d5 11. c5 Nc8 12. b4 a6 13. Ne5 Bxe2 14. Qxe2 Bf6 15. Bf4 Ne7 16. Rab1 Nbc6 17. Rfd1 Nf5 18. Nxc6 bxc6 19. Be5 Bxe5 20. Qxe5 Qb8 21. Qxb8 Rfxb8 22. Na4 Ra7 1/2-1/2

[Event "Bad Woerishofen Seniors op 39th"]
[Site "Bad Woerishofen"]
[Date "2024.03.09"]
[Round "2"]
[White "Schatz, Christian"]
[Black "Nordby, Bernt"]
[Result "1-0"]
[WhiteElo "2182"]
[BlackElo "1971"]
[PlyCount "65"]
[EventDate "2024.03.08"]
[EventType "swiss"]
[EventRounds "9"]
[EventCountry "GER"]
[SourceTitle "CBM 219 Extra"]
[Source "ChessBase"]
[SourceDate "2024.05.31"]
[SourceVersion "1"]
[SourceVersionDate "2024.05.31"]
[SourceQuality "1"]

1. Nf3 Nf6 2. d4 g6 3. Bg5 Ne4 4. Bh4 Bg7 5. Nbd2 d5 6. e3 Bf5 7. Nxe4 Bxe4 8. Be2 0-0 9. 0-0 Nd7 10. c3 Nf6 11. Qd3 Qc8 12. Rac1 c6 13. c4 dxc4 14. Qxc4 Bxf3 15. Bxf3 Qd7 16. Rfd1 Rac8 17. Qa4 Rfd8 18. h3 Ra8 19. b3 h6 20. e4 Nh7 21. Qc4 Kf8 22. Bg4 f5 23. exf5 gxf5 24. Bh5 Qd5 25. Qe2 Ng5 26. Bxg5 hxg5 27. Rc5 Qd7 28. Qf3 e6 29. g4 Bxd4 30. gxf5 Bxf2+ 31. Qxf2 Qxd1+ 32. Bxd1 Rxd1+ 33. Kh2 1-0

[Event "Bavaria-ch 94th"]
[Site "Rosenheim"]
[Date "2023.08.24"]
[Round "7"]
[White "Schatz, Christian"]
[Black "Stoettner, Lukas"]
[Result "1/2-1/2"]
[WhiteElo "2153"]
[BlackElo "2066"]
[PlyCount "57"]
[EventDate "2023.08.20"]
[EventType "tourn"]
[EventRounds "9"]
[EventCountry "GER"]
[SourceTitle "CBM 215 Extra"]
[Source "ChessBase"]
[SourceDate "2023.09.30"]
[SourceVersion "1"]
[SourceVersionDate "2023.09.30"]
[SourceQuality "1"]

1. Nf3 Nc6 2. c4 Nf6 3. Nc3 d6 4. g3 g6 5. Bg2 Bg7 6. 0-0 0-0 7. d4 a6 8. d5 Na5 9. Nd2 c5 10. Qc2 Rb8 11. b3 b5 12. Bb2 h5 13. cxb5 axb5 14. Nde4 Ng4 15. h3 Nh6 16. e3 Nf5 17. Ne2 Bxb2 18. Qxb2 b4 19. Nf4 c4 20. bxc4 Nxc4 21. Qb3 Ne5 22. Nd3 Nxd3 23. Qxd3 Bd7 24. Rfb1 Rb6 25. a3 bxa3 26. Rxa3 Qb8 27. Rab3 Rxb3 28. Qxb3 Qxb3 29. Rxb3 1/2-1/2

[Event "Arber Seniors op 10th"]
[Site "Bodenmais"]
[Date "2023.08.07"]
[Round "3"]
[White "Fuchs, Michael"]
[Black "Schatz, Christian"]
[Result "1/2-1/2"]
[WhiteElo "1988"]
[BlackElo "2153"]
[PlyCount "21"]
[EventDate "2023.08.05"]
[EventType "swiss"]
[EventRounds "9"]
[EventCountry "GER"]
[SourceTitle "EXT 2024"]
[Source "ChessBase"]
[SourceDate "2023.10.10"]
[SourceVersion "1"]
[SourceVersionDate "2023.10.10"]
[SourceQuality "1"]

1. e4 c5 2. Nc3 Nc6 3. Bb5 g6 4. Bxc6 dxc6 5. f4 Bg7 6. d3 Nf6 7. Nf3 0-0 8. 0-0 b6 9. Qe1 Ne8 10. h3 Nc7 11. f5 1/2-1/2

[Event "Bayern-chI Bank Hofmann 25th"]
[Site "Tegernsee"]
[Date "2022.11.07"]
[Round "3"]
[White "Schatz, Christian"]
[Black "Meissner, Felix"]
[Result "0-1"]
[WhiteElo "2151"]
[BlackElo "2375"]
[PlyCount "79"]
[EventDate "2022.11.05"]
[EventType "swiss"]
[EventRounds "9"]
[EventCountry "GER"]
[SourceTitle "CBM 211 Extra"]
[Source "ChessBase"]
[SourceDate "2023.01.31"]
[SourceVersion "1"]
[SourceVersionDate "2023.01.31"]
[SourceQuality "1"]

1. Nf3 d5 2. c4 d4 3. b4 f6 4. d3 e5 5. a3 a5 6. b5 Nd7 7. e3 dxe3 8. Bxe3 Ne7 9. d4 Nf5 10. Bd3 Nxe3 11. fxe3 g6 12. 0-0 Bh6 13. Qe2 0-0 14. Nc3 f5 15. dxe5 c6 16. e4 Nxe5 17. Nxe5 Qd4+ 18. Kh1 Qxe5 19. Na4 Be6 20. exf5 Qxe2 21. Bxe2 Bxf5 22. c5 Rae8 23. Bc4+ Kg7 24. h3 Re3 25. bxc6 bxc6 26. Rae1 Rfe8 27. Rxe3 Rxe3 28. Nb6 Rxa3 29. Kh2 Rc3 30. g4 Rxc4 31. gxf5 Rxc5 32. f6+ Kf7 33. Nc8 Bf8 34. Nb6 Bd6+ 35. Kh1 Bc7 36. Nc8 a4 37. Rd1 Kxf6 38. Rd7 a3 39. Rxc7 a2 40. Ra7 0-1

[Event "Pardubice rapid op 33rd"]
[Site "Pardubice"]
[Date "2022.07.21"]
[Round "9"]
[White "Brejnik, Gustav"]
[Black "Schatz, Christian"]
[Result "0-1"]
[WhiteElo "2292"]
[BlackElo "2137"]
[PlyCount "164"]
[EventDate "2022.07.20"]
[EventType "swiss (rapid)"]
[EventRounds "9"]
[EventCountry "CZE"]
[SourceTitle "CBM 209 Extra"]
[Source "ChessBase"]
[SourceDate "2022.09.30"]
[SourceVersion "1"]
[SourceVersionDate "2022.09.30"]
[SourceQuality "1"]

1. d4 Nf6 2. c4 c5 3. d5 b5 4. cxb5 a6 5. bxa6 d6 6. Nc3 g6 7. e4 Bg7 8. Bb5+ Nbd7 9. Qe2 0-0 10. Nf3 Qa5 11. 0-0 Bxa6 12. a4 Bxb5 13. Nxb5 Qb4 14. Nc3 Nb6 15. Qc2 Rfb8 16. Ra2 Nc4 17. Ne1 Qb3 18. Qe2 Nd7 19. Nd3 Nde5 20. Nxe5 Bxe5 21. Rd1 Nb6 22. Ra3 Qc4 23. Qc2 Qb4 24. Rb3 Qc4 25. Ra3 Qb4 26. Rb3 Qc4 27. Rb5 Nd7 28. Rxb8+ Rxb8 29. Bg5 Nf6 30. Ra1 Qb3 31. Qxb3 Rxb3 32. Bc1 Bxc3 33. bxc3 Nxe4 34. a5 Nxc3 35. a6 Nb5 36. Bg5 f6 37. Be3 Na7 38. g3 Kf7 39. Ra4 Ke8 40. Kf1 Rb2 41. Ke1 Kd7 42. Bd2 e6 43. dxe6+ Kxe6 44. Rh4 h5 45. g4 hxg4 46. Rxg4 g5 47. Re4+ Kd5 48. Re7 Nc6 49. Rb7 Ra2 50. Rb6 Ra1+ 51. Ke2 Ra2 52. Kd3 Ne5+ 53. Kc3 Nc4 54. Rb7 Nxd2 55. a7 Ne4+ 56. Kb3 Ra1 57. Kb2 Ra6 58. f3 Nd2 59. Rf7 Ke6 60. Rb7 Nc4+ 61. Kc3 Na5 62. Rc7 Kd5 63. Rf7 Nc6 64. Rxf6 Rxa7 65. Rf5+ Ne5 66. Rxg5 Ra3+ 67. Kd2 Kd4 68. Ke2 Ra2+ 69. Kf1 Ke3 70. Rg8 Nxf3 71. Re8+ Kd4 72. h3 c4 73. Re6 d5 74. Rf6 Nd2+ 75. Ke1 Ne4 76. Rf5 c3 77. Kd1 Nf2+ 78. Kc1 Nxh3 79. Rh5 Nf4 80. Rh4 Ke4 81. Kb1 Rg2 82. Kc1 d4 0-1

[Event "Pardubice rapid op 33rd"]
[Site "Pardubice"]
[Date "2022.07.21"]
[Round "6"]
[White "Schatz, Christian"]
[Black "Babula, Vlastimil"]
[Result "0-1"]
[WhiteElo "2137"]
[BlackElo "2571"]
[PlyCount "88"]
[EventDate "2022.07.20"]
[EventType "swiss (rapid)"]
[EventRounds "9"]
[EventCountry "CZE"]
[SourceTitle "CBM 209 Extra"]
[Source "ChessBase"]
[SourceDate "2022.09.30"]
[SourceVersion "1"]
[SourceVersionDate "2022.09.30"]
[SourceQuality "1"]

1. Nf3 c5 2. c4 Nc6 3. d4 cxd4 4. Nxd4 Nf6 5. Nc3 e6 6. e3 Bb4 7. Bd2 Nxd4 8. exd4 0-0 9. Be2 d5 10. cxd5 Bxc3 11. Bxc3 Nxd5 12. 0-0 b6 13. Bf3 Bb7 14. Rc1 Qd7 15. Qd2 Rfd8 16. Rfe1 Ne7 17. Bxb7 Qxb7 18. Qg5 Rd5 19. Qg4 Rad8 20. h4 h5 21. Qf3 Qa6 22. a3 Rf5 23. Qe4 Nd5 24. g3 Nf6 25. Qc6 Nd5 26. Re5 Rc8 27. Qd7 Nf6 28. Qe7 Qd3 29. Rxf5 Qxf5 30. Qb7 Rc4 31. Re1 Ng4 32. Re2 Qb5 33. Qa8+ Kh7 34. Qe4+ g6 35. Qf4 Qd7 36. f3 Nh6 37. g4 hxg4 38. fxg4 Qc7 39. Re5 Nxg4 40. Bd2 Nxe5 41. Qh6+ Kg8 42. dxe5 Qxe5 43. Bc3 Qg3+ 44. Kf1 Qf3+ 0-1

[Event "Pardubice rapid op 33rd"]
[Site "Pardubice"]
[Date "2022.07.20"]
[Round "1"]
[White "Kutek, Jiri"]
[Black "Schatz, Christian"]
[Result "0-1"]
[WhiteElo "1627"]
[BlackElo "2137"]
[PlyCount "90"]
[EventDate "2022.07.20"]
[EventType "swiss (rapid)"]
[EventRounds "9"]
[EventCountry "CZE"]
[SourceTitle "CBM 209 Extra"]
[Source "ChessBase"]
[SourceDate "2022.09.30"]
[SourceVersion "1"]
[SourceVersionDate "2022.09.30"]
[SourceQuality "1"]

1. e4 Nf6 2. e5 Nd5 3. Nf3 d6 4. d4 Bg4 5. Be2 e6 6. 0-0 Be7 7. h3 Bh5 8. c4 Nb6 9. b3 0-0 10. Nc3 Nc6 11. exd6 cxd6 12. Be3 d5 13. c5 Nc8 14. a3 a6 15. Nh2 Bxe2 16. Qxe2 Bf6 17. Rfd1 N8e7 18. Ng4 Nf5 19. Rab1 Ncxd4 20. Qd3 Nxe3 21. fxe3 Nc6 22. Ne2 Ne5 23. Nxe5 Bxe5 24. Nf4 Qc7 25. Ne2 Qxc5 26. b4 Qb5 27. Qd2 Rac8 28. Rdc1 Rc4 29. Rxc4 dxc4 30. Nc3 Qc6 31. Rd1 g6 32. Kf2 Bf6 33. Qc2 b5 34. Ne4 Be7 35. Qc3 f5 36. Ng3 Bh4 37. Qd4 Bf6 38. Qd2 c3 39. Qc2 Bh4 40. Rd3 f4 41. exf4 Rxf4+ 42. Kg1 Rc4 43. Ne2 Qb6+ 44. Kh1 Qf2 45. Rd8+ Bxd8 0-1

[Event "Bayern-chI Bank Hofmann 24th"]
[Site "Tegernsee"]
[Date "2021.11.06"]
[Round "8"]
[White "Schatz, Christian"]
[Black "Weber, Ulrich"]
[Result "0-1"]
[WhiteElo "2127"]
[BlackElo "2346"]
[PlyCount "125"]
[EventDate "2021.10.30"]
[EventType "swiss"]
[EventRounds "9"]
[EventCountry "GER"]
[SourceTitle "CBM 205 Extra"]
[Source "ChessBase"]
[SourceDate "2022.01.31"]
[SourceVersion "1"]
[SourceVersionDate "2022.01.31"]
[SourceQuality "1"]

1. Nf3 g6 2. e4 Bg7 3. d4 d6 4. Bc4 a6 5. 0-0 e6 6. Bb3 Ne7 7. a4 b6 8. c3 Nd7 9. Re1 h6 10. Nbd2 Bb7 11. Nf1 0-0 12. Ng3 Kh7 13. h3 Rc8 14. Qd3 c5 15. Bf4 Qc7 16. dxc5 Nxc5 17. Qd1 Rfd8 18. Bc2 e5 19. Be3 d5 20. exd5 Nxd5 21. Qe2 Ne6 22. h4 Ndf4 23. Bxf4 Nxf4 24. Qe3 Qc5 25. Rad1 Qxe3 26. fxe3 Ne6 27. h5 Nc5 28. hxg6+ fxg6 29. Kf2 Rf8 30. e4 Bc6 31. b3 Rfe8 32. Nd2 a5 33. Nc4 Nd7 34. Kg1 Re6 35. Rd6 Rxd6 36. Nxd6 Rd8 37. Nc4 Bf8 38. Rd1 Bc5+ 39. Kh2 Re8 40. Rf1 Kg7 41. Rd1 Nf6 42. Kh3 Bd7+ 43. Rxd7+ Nxd7 44. Nf1 Rc8 45. Kg3 Kf6 46. Kf3 Rc6 47. Ke2 Bg1 48. Nfd2 Bc5 49. Nf3 g5 50. Bd1 Ke6 51. Nh2 Nf6 52. Nf3 Nxe4 53. Nfxe5 Rc8 54. Ke1 Re8 55. Bh5 Re7 56. Nc6 Rc7 57. Bg4+ Kf6 58. N6e5 Ke7 59. Bf3 Nxc3 60. Nc6+ Kf6 61. N4e5 Na2 62. Nc4 g4 63. Be4 0-1

[Event "Rottach Egern Seniors Cup 9th"]
[Site "Rottach Egern"]
[Date "2021.10.28"]
[Round "7"]
[White "Schmitz, Andreas Arnold"]
[Black "Schatz, Christian"]
[Result "1/2-1/2"]
[WhiteElo "2013"]
[BlackElo "2127"]
[PlyCount "22"]
[EventDate "2021.10.22"]
[EventType "swiss"]
[EventRounds "7"]
[EventCountry "GER"]
[SourceTitle "CBM 204 Extra"]
[Source "ChessBase"]
[SourceDate "2021.11.30"]
[SourceVersion "1"]
[SourceVersionDate "2021.11.30"]
[SourceQuality "1"]

1. e4 c6 2. Nc3 d5 3. Qf3 dxe4 4. Nxe4 Nd7 5. d4 Ndf6 6. c3 Nxe4 7. Qxe4 Nf6 8. Qe5 g6 9. Bc4 Bg7 10. Nf3 0-0 11. 0-0 Nd5 1/2-1/2

[Event "Rottach Egern Seniors Cup 9th"]
[Site "Rottach Egern"]
[Date "2021.10.26"]
[Round "5"]
[White "Kesseler, Heiko"]
[Black "Schatz, Christian"]
[Result "1/2-1/2"]
[WhiteElo "2044"]
[BlackElo "2127"]
[PlyCount "38"]
[EventDate "2021.10.22"]
[EventType "swiss"]
[EventRounds "7"]
[EventCountry "GER"]
[SourceTitle "CBM 204 Extra"]
[Source "ChessBase"]
[SourceDate "2021.11.30"]
[SourceVersion "1"]
[SourceVersionDate "2021.11.30"]
[SourceQuality "1"]

1. e4 c5 2. Nf3 Nc6 3. Bb5 g6 4. 0-0 Bg7 5. Bxc6 dxc6 6. d3 Nf6 7. Nc3 0-0 8. h3 Ne8 9. Be3 b6 10. Qd2 Nc7 11. Bh6 Ne6 12. Bxg7 Kxg7 13. Rae1 Nd4 14. Nh2 e5 15. f4 exf4 16. Rxf4 Ne6 17. Rff1 c4 18. e5 cxd3 19. Ne4 dxc2 1/2-1/2

[Event "Bad Woerishofen op 36th"]
[Site "Bad Woerishofen"]
[Date "2020.03.08"]
[Round "3"]
[White "Assaubayeva, Bibissara"]
[Black "Schatz, Christian"]
[Result "1/2-1/2"]
[WhiteElo "2370"]
[BlackElo "2154"]
[PlyCount "40"]
[EventDate "2020.03.06"]
[EventType "swiss"]
[EventRounds "9"]
[EventCountry "GER"]
[SourceTitle "CBM 195 Extra"]
[Source "ChessBase"]
[SourceDate "2020.05.31"]
[SourceVersion "1"]
[SourceVersionDate "2020.05.31"]
[SourceQuality "1"]

1. d4 Nf6 2. c4 e5 3. dxe5 Ng4 4. Bf4 Nc6 5. Nf3 Bb4+ 6. Nc3 Bxc3+ 7. bxc3 Qe7 8. Qd5 f6 9. exf6 Nxf6 10. Qd3 d6 11. e3 0-0 12. Be2 Ne4 13. 0-0 Bf5 14. Qd5+ Kh8 15. Rac1 g5 16. Bg3 h5 17. Nd4 Bg6 18. Qe6 Qe8 19. Qh3 h4 20. Bxh4 gxh4 1/2-1/2

[Event "Pardubice Czech Tintera op 30th"]
[Site "Pardubice"]
[Date "2019.07.21"]
[Round "3"]
[White "Schatz, Christian"]
[Black "Jiruse, Josef"]
[Result "0-1"]
[WhiteElo "2193"]
[BlackElo "1975"]
[PlyCount "136"]
[EventDate "2019.07.19"]
[EventType "swiss"]
[EventRounds "9"]
[EventCountry "CZE"]
[SourceTitle "EXT 2020"]
[Source "ChessBase"]
[SourceDate "2019.10.17"]
[SourceVersion "1"]
[SourceVersionDate "2019.10.17"]
[SourceQuality "1"]

1. Nf3 Nf6 2. d4 d5 3. c4 c6 4. Qc2 Bg4 5. Ne5 Bh5 6. Bf4 e6 7. e3 Qa5+ 8. Nc3 Ne4 9. Bd3 f6 10. Nf3 f5 11. 0-0 Be7 12. Bxe4 fxe4 13. Ng5 Bxg5 14. Bxg5 Nd7 15. Rab1 Qa6 16. c5 0-0 17. b4 Qc4 18. Rb2 e5 19. Ne2 Bxe2 20. Qxe2 Qxe2 21. Rxe2 Kf7 22. a4 a6 23. Rb2 Ke6 24. Rfb1 Rfc8 25. f3 h6 26. Bh4 exf3 27. gxf3 Rf8 28. Kg2 b5 29. Ra1 g5 30. Bg3 e4 31. Rf2 Nf6 32. Bd6 Rg8 33. Rfa2 exf3+ 34. Kxf3 Ne4 35. axb5 Nxd6 36. cxd6 Raf8+ 37. Kg2 axb5 38. Ra7 Kxd6 39. Rh7 Rf6 40. Raa7 Ke6 41. Rac7 Kf5 42. Rcf7 Rgg6 43. Kf3 g4+ 44. Ke2 Kg5 45. Re7 Kh4 46. Re5 Re6 47. Kf2 Rgf6+ 48. Kg2 Rxe5 49. dxe5 Re6 50. Rc7 Kg5 51. Kg3 Rxe5 52. Rxc6 Rxe3+ 53. Kf2 Rb3 54. Rc5 Rxb4 55. Rxd5+ Kh4 56. Rd2 Kh3 57. Ke3 h5 58. Rc2 h4 59. Rd2 Rb3+ 60. Ke4 g3 61. hxg3 hxg3 62. Rd7 Kh2 63. Rh7+ Kg1 64. Rh3 Kf2 65. Rh7 Re3+ 66. Kd4 g2 67. Rf7+ Rf3 68. Rg7 g1Q 0-1